| 000 | 00800cab a2200265 4500 | ||
|---|---|---|---|
| 001 | WB2924-18 | ||
| 008 | 090401t1993 xxu||||| |||| 00| 0 eng d | ||
| 035 | _a(Sirsi) u59010 | ||
| 041 | _aeng | ||
| 100 | _aMarks, Peter | ||
| 245 | _aHealth and safety first | ||
| 260 | _c1993 | ||
| 350 | _a0 | ||
| 490 |
_aCSW - The Property Week _v43(13) 24 June 1993, 63(1) |
||
| 520 | _aDiscusses issues managing agents need to consider when budgeting for health and safety. | ||
| 650 | _aCONTROL OF SUBSTANCES HAZARDOUS TO HEALTH REGULATIONS | ||
| 650 | _aCOSHH | ||
| 650 |
_aHEALTH AND SAFETY _96244 |
||
| 650 | _aMANAGING AGENTS | ||
| 650 | _aOCCUPANCY COSTS | ||
| 690 | _aCOMMERCIAL PROPERTY-MANAGEMENT | ||
| 690 | _aOFFICE SERVICES AND ADMINISTRATION | ||
| 942 | _n0 | ||
| 948 | _c04/03/1997 | ||
| 999 |
_c36125 _d36125 |
||